Online
Catalog

Grecia eterna / (Record no. 44952)

MARC details
000 -CABECERA
campo de control de longitud fija 01343nam a2200313 i 4500
001 - NÚMERO DE CONTROL
campo de control 000045463
003 - IDENTIFICADOR DEL NÚMERO DE CONTROL
campo de control DO-SdBNP
005 - FECHA Y HORA DE LA ÚLTIMA TRANSACCIÓN
campo de control 20250902100434.0
007 - CAMPO FIJO DE DESCRIPCIÓN FÍSICA--INFORMACIÓN GENERAL
campo de control de longitud fija ta
008 - DATOS DE LONGITUD FIJA--INFORMACIÓN GENERAL
campo de control de longitud fija 150407s1999 dr a 000 0 spa d
040 ## - FUENTE DE LA CATALOGACIÓN
Centro catalogador/agencia de origen DO-SdBNP
Lengua de catalogación spa
Centro/agencia transcriptor BNPHU
Normas de descripción rda
041 ## - CÓDIGO DE LENGUA
Código de lengua del texto/banda sonora o título independiente spa
082 #4 - NÚMERO DE LA CLASIFICACIÓN DECIMAL DEWEY
Número de clasificación 938
Número de documento/Ítem B171g
Número de edición 22
100 1# - ENTRADA PRINCIPAL--NOMBRE DE PERSONA
Nombre de persona Balaguer, Joaquín,
Fechas asociadas al nombre 1906-2002
Término indicativo de función/relación autor
Código de función/relación aut-
9 (RLIN) 76556
245 10 - MENCIÓN DE TÍTULO
Título Grecia eterna /
Mención de responsabilidad, etc. Joaquín Balaguer.
250 ## - MENCIÓN DE EDICIÓN
Mención de edición Primera edición
264 #4 - PRODUCCIÓN, PUBLICACIÓN, DISTRIBUCIÓN, FABRICACIÓN Y COPYRIGHT
Producción, publicación, distribución, fabricación y copyright Santo Domingo :
Nombre del de productor, editor, distribuidor, fabricante Editora Corripio,
Fecha de producción, publicación, distribución, fabricación o copyright ©1999.
300 ## - DESCRIPCIÓN FÍSICA
Extensión xi, 295 páginas :
Otras características físicas ilustraciones ;
Dimensiones 24 cm.
336 ## - TIPO DE CONTENIDO
Término de tipo de contenido texto
Código de tipo de contenido txt
Fuente rdacontent
337 ## - TIPO DE MEDIO
Nombre/término del tipo de medio sin mediación
Código del tipo de medio n
Fuente rdamedia
338 ## - TIPO DE SOPORTE
Nombre/término del tipo de soporte volumen
Código del tipo de soporte nc
Fuente rdacarrier
500 ## - NOTA GENERAL
Nota general Incluye referencias bibliográficas y notas al pie de las páginas
504 ## - NOTA DE BIBLIOGRAFÍA, ETC.
Nota de bibliografía, etc. Bibliografía : páginas 293-294
505 0# - NOTA DE CONTENIDO CON FORMATO
Nota de contenido con formato Origen y población --
Título El genio griego en las artes --
-- Las artes plásticas--
-- La pintura --
-- El Partenón --
-- El genio literario griego--
-- Los poetas trágicos--
-- Los poetas comicos --
-- Los filósofos--
-- La sofistica--
-- La ciencia griega--
-- Grecia cuna de la historia--
-- La mitología griega
-- La democracia ateniense--
-- El milagro griego--
-- La semblanza.
590 ## - NOTA LOCAL (RLIN)
Nota local Inventariado, 2025/BT
651 #4 - PUNTO DE ACCESO ADICIONAL DE MATERIA--NOMBRE GEOGRÁFICO
Nombre geográfico Grécia
Subdivisión general Historia
9 (RLIN) 2389
910 ## - DATOS DE OPCIÓN DEL USUARIO (OCLC)
Datos de opción del usuario Validado. Control de calidad MFF
942 ## - ELEMENTOS DE PUNTO DE ACCESO ADICIONAL (KOHA)
Fuente del sistema de clasificación o colocación Dewey Decimal Classification
Tipo de ítem Koha Libro
Holdings
Estado de retiro Estado de pérdida Fuente del sistema de clasificación o colocación Restricciones de uso No para préstamo Código de colección Localización permanente Ubicación/localización actual Ubicación en estantería Fecha de adquisición Total de préstamos Signatura topográfica completa Código de barras Fecha visto por última vez Precio válido a partir de Tipo de ítem Koha Fuente de adquisición Número de copia Nota pública
    Dewey Decimal Classification Excluido de préstamo   Patrimonio Dominicano Biblioteca Nacional Pedro Henríquez Ureña Biblioteca Nacional Pedro Henríquez Ureña Depósito 07.04.2015   BNPHU PD 938 B171g 45463-10 25.06.2020 25.06.2020 Libro      
    Dewey Decimal Classification Excluido de préstamo   Patrimonio Dominicano Biblioteca Nacional Pedro Henríquez Ureña Biblioteca Nacional Pedro Henríquez Ureña Depósito 19.07.2019   BNPHU PD 938 B171g 45463-20 25.06.2020 25.06.2020 Libro Donación e.2 Perteneció a la biblioteca personal de la familia Reyes Duluc.
    Dewey Decimal Classification Préstamo en sala   Dominicana de Servicio Biblioteca Nacional Pedro Henríquez Ureña Biblioteca Nacional Pedro Henríquez Ureña Depósito 02.09.2025   BNPHU DS 938 B171g 2025-9299 02.09.2025 02.09.2025 Libro Donado por Claro Dominicana e.3  
    Dewey Decimal Classification Préstamo en sala   Dominicana de Servicio Biblioteca Nacional Pedro Henríquez Ureña Biblioteca Nacional Pedro Henríquez Ureña Depósito 02.09.2025   BNPHU DS 938 B171g 2025-9300 02.09.2025 02.09.2025 Libro Donado por Lourdes Delgado e.4  

Powered by Koha